000 00292nam a22001337a 4500
008 181031b xxu||||| |||| 00| 0 eng d
020 _a9780674031753
041 _aeng
080 _a591
100 _a7
101 _aZOO
245 _aEvoluton The First Four
_cRude.M
942 _2udc
_cBK
999 _c51270
_d51270